Macht des Geldes -- Macht der Bilder : Kolloquium zur Ikonographie auf Münzen im ostmediterranen Raum in hellenistisch-römischer Zeit /

محفوظ في:

التنسيق: كتاب

اللغة: German

منشور في: Wiesbaden : Harrossowitz Verlag, 2013.

سلاسل: Abhandlungen des Deutschen Palastinavereins ; 42.

الموضوعات:

الوسوم: إضافة وسم

لا توجد وسوم, كن أول من يضع وسما على هذه التسجيلة!

رقم الطلب: CJ265 .M33 2013

LEADER 00912namaa2200241 4500
001 23489
003 OSt
005 20251106084025.0
008 130303s2013 gw a b 001 0 ger d
020 |a 9783447069984 
040 |c ARCE Library 
050 4 |a CJ265 .M33 2013 
245 0 0 |a Macht des Geldes -- Macht der Bilder :   |b Kolloquium zur Ikonographie auf Münzen im ostmediterranen Raum in hellenistisch-römischer Zeit /   |c herausgegeben von Anne Lykke.  
264 1 |a Wiesbaden :  |b Harrossowitz Verlag,  |c 2013. 
300 |a viii, 252 pages :  |b illustrations ;  |c 25 cm.  
490 1 |a Abhandlungen des Deutschen Palastinavereins ;  |v 42. 
504 |a Includes bibliographical references and indexes.  
650 0 |a Coins, Ancient.  
700 1 |a Lykke, Anne,   |e editor of compilation.  |9 35015 
830 0 |a Abhandlungen des Deutschen Palastinavereins ;  |v 42. 
901 |a reviewed 
942 |c BK  |2 lcc 
999 |c 23542  |d 23542